| 000 | 00830nac a22002537a 4500 | ||
|---|---|---|---|
| 001 | BR8302915 | ||
| 003 | BR-BrBNA | ||
| 005 | 20240105115737.0 | ||
| 008 | 230509b bl.|||m| |||| 00| 0 por d | ||
| 040 |
_aBR-BrBNA _bpor _cBiblioteca Nacional de Agricultura |
||
| 072 | _aF00 | ||
| 090 | _a0210 BR8302915 | ||
| 100 | 1 | _aSouza-Dias, J.A.C. de | |
| 110 | 1 | _aInstituto Agronomico, Campinas, SP (Brasil) | |
| 245 | 1 | _aA producao de batata-semente e o servico de inspecao na Holanda [Solanum tuberosum, Brasil] | |
| 260 | 3 |
_aCampinas, SP (Brasil): _c1983. |
|
| 300 | _a38 p. | ||
| 490 |
_aBoletim Tecnico - Instituto Agronomico (Brazil) _vno. 77 _xISSN 0100-3100 |
||
| 650 | _aPRODUCAO VEGETAL | ||
| 650 | _aBATATA SEMENTE | ||
| 650 | _aHOLANDA | ||
| 909 |
_a202312 _bLúcia Elande _c55 _dLúcia Elande |
||
| 942 |
_2AGRIS _n0 _cMS |
||
| 999 |
_c276196 _d276196 |
||